000 00800cam a2200277 4500
008 090401t1993 xxu||||| |||| 00| 0 eng d
020 _a1872470882
035 _a(Sirsi) u18295
041 _aeng
050 _a690.231
100 _aBarlow, James
245 _aOffices into flats.
260 _aYork
_bJoseph Rowntree Foundation
_c1993
300 _a54p. : ill. ; 30cm.
350 _a8.5
520 _aLooks at the planning and technical aspects of the conversion of empty offices into flats as a means of alleviating the housing shortage.
650 _aCONVERSION
650 _aEMPTY OFFICES
650 _aOFFICES
650 _aRESIDENTIAL USE
690 _aHOUSING
700 _aGann, David
710 _aJoseph Rowntree Foundation
_92318
942 _n0
948 _c04/03/1997
999 _c87588
_d87588